000 00437nam a2200133 a 4500
008 120416s1957 ||||||||||||||||| || u
050 _aPR 6039.R518P5
100 _aTrevor, Elleston
245 1 4 _aThe pillars of midnight
260 _aLondon
_bHeinemann
_c1957
300 _a239p.
350 _a0.00
995 _D0.00
_FCBU-MAIN LIBRARY (Kitwe)
_H1
_I4.95
_M1
_UAVAILABLE
_ZFiction Collection
999 _c53647
_d53647